000 00601nam a22002057a 4500
003 BD-ChCU
005 20230727122419.0
008 230727b nyu ||||| |||| 00| 0 eng d
020 _a978128097342
040 _cBD-ChCU
082 _222
_a628.44
_bR215s
100 _aRao,M.N.
_92067
245 _aSolid and hazardous waste management ;
_bscience and engineering /
_cM N Rao and Raziz Sultana,
260 _aNew York :
_bBS Pub.
_cc2017
300 _a332 P. ;
504 _aIncludes Index.
650 0 _aWaste Management
_92068
700 _aSultana,Razia
_eJt.Author
_92069
942 _2ddc
_cBK
_n0
999 _c102402
_d102402